Statistiques concernant Top 5 Pays par catégories diverses

Cliquez ici pour prendre le quiz!

Statistiques générales

  • Ce quiz a été pris 152 fois
  • Le résultat moyen est 13 sur 20

Statistiques - réponses

Pays% Correct
États-Unis
98%
Chine
95%
France
93%
Allemagne
82%
Royaume-Uni
78%
Indonésie
77%
Inde
76%
Corée du Nord
75%
Pakistan
74%
Japon
73%
Cuba
64%
Viêt Nam
53%
Bangladesh
52%
Nigéria
44%
Samoa
41%
Tonga
41%
Nauru
40%
Palaos
36%
Laos
33%
Îles Marshall
27%

Distribution des résultats

Percentile par nombre de réponses

% des personnes avec chaque résultat

Votre développement - résultats

Vous n’avez pas pris ce quiz